000 00709nam a2200217 4500
001 143909
003 ES-MaACL
005 20231113191621.0
007 t|
008 070214s1977 sp r ||||1| spa d
100 1 _aSherfey, Mary Jane.
_9106095
245 1 0 _aNaturaleza y evolución de la sexualidad femenina /
_cMary Jane Sherfey ; traducción de Gerardo Espinosa.
250 _a2ª. ed.
260 _aBarcelona :
_bSeix Barral,
_c1977.
300 _a213 p. :
_bil. ;
_c20 cm.
490 1 _aBreve biblioteca de respuestas
700 1 _aEspinosa, Gerardo.
_947883
830 0 _aBreve biblioteca de respuesta
_9183536
852 _aES-MaACL
_jA-7241
_bR.96666
999 _c143909
_d143909